00350nam a2200133Ia 450000500170000000800410001702000150005808200130007310000190008624500420010526000340014730000130018165000220019420250626015602.0240331s9999 xx 000 0 und d a9559008099 bATUa155 aAtukorala, D.R 0aLama manovidyawa ha lama sanwardanaya aAlubomullabN.S. Pererac1991 a208 p ., aChild Development